Oscar du meilleur film - random - Statistiques

Statistiques générales
  • Ce quiz a été pris 24 fois
  • Le résultat moyen est 7 sur 20
Statistiques - réponses
Année Réalisateur Film % Correct
1930 (novembre) Lewis Milestone À l'Ouest, rien de nouveau
100%
1985 Miloš Forman Amadeus
100%
2000 Sam Mendes American Beauty
100%
2015 Alejandro G. Iñárritu Birdman
100%
2022 Sian Heder Coda
100%
2018 Guillermo del Toro La Forme de l'eau | The Shape of Water
100%
1994 Steven Spielberg La Liste de Schindler
100%
1938 William Dieterle La Vie d'Émile Zola
100%
1988 Bernardo Bertolucci Le Dernier Empereur
100%
1975 Francis Ford Coppola Le Parrain 2
100%
2007 Martin Scorsese Les Infiltrés
100%
2020 Bong Joon-ho Parasite
100%
2009 Danny Boyle Slumdog Millionaire
100%
1955 Elia Kazan Sur les quais
100%
2002 Ron Howard Un homme d'exception
100%
1990 Bruce Beresford Miss Daisy et son chauffeur
75%
2024 Christopher Nolan Oppenheimer
75%
1968 Norman Jewison Dans la chaleur de la nuit
67%
1986 Sydney Pollack Out of Africa
67%
1960 William Wyler Ben-Hur
50%
1981 Robert Redford Des gens comme les autres
50%
1972 William Friedkin French Connection
50%
1993 Clint Eastwood Impitoyable
50%
1957 Michael Anderson Le Tour du monde en quatre-vingts jours
50%
2005 Clint Eastwood Million Dollar Baby
50%
1971 Franklin J. Schaffner Patton
50%
1989 Barry Levinson Rain Man
50%
1999 John Madden Shakespeare in Love
50%
1954 Fred Zinnemann Tant qu'il y aura des hommes
50%
1991 Kevin Costner Danse avec les loups
40%
2003 Rob Marshall Chicago
33%
2001 Ridley Scott Gladiator
33%
1929 William A. Wellman Les Ailes
33%
1935 Frank Capra New York-Miami
33%
2008 Joel et Ethan Coen No Country for Old Men
33%
1987 Oliver Stone Platoon
33%
1967 Fred Zinnemann Un homme pour l'éternité
33%
1979 Michael Cimino Voyage au bout de l'enfer
33%
1983 Richard Attenborough Gandhi
25%
1932 Edmund Goulding Grand Hotel
25%
1948 Elia Kazan Le Mur invisible
25%
2017 Barry Jenkins Moonlight
25%
1965 George Cukor My Fair Lady
25%
1962 Robert Wise, Jerome Robbins West Side Story
25%
2014 Steve McQueen 12 Years a Slave
0%
1978 Woody Allen Annie Hall
0%
2013 Ben Affleck Argo
0%
1940 Victor Fleming Autant en emporte le vent
0%
1996 Mel Gibson Braveheart
0%
1930 (avril) Harry Beaumont Broadway Melody
0%
1944 Michael Curtiz Casablanca
0%
1934 Frank Lloyd Cavalcade
0%
2006 Paul Haggis Collision
0%
2010 Kathryn Bigelow Démineurs
0%
1951 Joseph L. Mankiewicz Ève
0%
2023 Daniel Kwan, Daniel Scheinert Everything Everywhere All at Once
0%
1995 Robert Zemeckis Forrest Gump
0%
1959 Vincente Minnelli Gigi
0%
2019 Peter Farrelly Green Book
0%
1949 Laurence Olivier Hamlet
0%
1980 Robert Benton Kramer contre Kramer
0%
1961 Billy Wilder La Garçonnière
0%
1966 Robert Wise La Mélodie du bonheur
0%
1974 George Roy Hill L'Arnaque
0%
1945 Leo McCarey La Route semée d'étoiles
0%
1931 Wesley Ruggles La Ruée vers l'Ouest
0%
1963 David Lean Lawrence d'Arabie
0%
2011 Tom Hooper Le Discours d'un roi
0%
1937 Robert Z. Leonard Le Grand Ziegfeld
0%
1973 Francis Ford Coppola Le Parrain
0%
1997 Anthony Minghella Le Patient anglais
0%
1946 Billy Wilder Le Poison
0%
1958 David Lean Le Pont de la rivière Kwaï
0%
1982 Hugh Hudson Les Chariots de feu
0%
2004 Peter Jackson Le Seigneur des anneaux (: le retour du roi)
0%
1950 Robert Rossen Les Fous du roi
0%
1992 Jonathan Demme Le Silence des agneaux
0%
1947 William Wyler Les Plus Belles Années de notre vie
0%
1936 Frank Lloyd Les révoltés du Bounty
0%
1970 John Schlesinger Macadam Cowboy
0%
1943 William Wyler Madame Miniver
0%
1956 Delbert Mann Marty
0%
2021 Chloé Zhao Nomadland
0%
1969 Carol Reed Oliver!
0%
1942 John Ford Qu'elle était verte ma vallée
0%
1941 Alfred Hitchcock Rebecca
0%
1977 John G. Avildsen Rocky
0%
1953 Cecil B. DeMille Sous le plus grand chapiteau du monde
0%
2016 Tom McCarthy Spotlight
0%
1984 James L. Brooks Tendres Passions
0%
2012 Michel Hazanavicius The Artist
0%
1998 James Cameron Titanic
0%
1964 Tony Richardson Tom Jones
0%
1952 Vincente Minnelli Un Américain à Paris
0%
1976 Miloš Forman Vol au-dessus d'un nid de coucou
0%
1939 Frank Capra Vous ne l'emporterez pas avec vous
0%
Aucun quiz correspondant
Distribution des résultats
% des personnes avec chaque résultat
Percentile par nombre de réponses
Votre historique - résultats
Vous n’avez pas pris ce quiz